| 000 | 00920cab a2200277 4500 | ||
|---|---|---|---|
| 001 | WB2914-43 | ||
| 008 | 090401t1993 xxu||||| |||| 00| 0 eng d | ||
| 035 | _a(Sirsi) u92186 | ||
| 041 | _aeng | ||
| 245 | _aLocal authority assets | ||
| 260 | _c1993 | ||
| 350 | _a0 | ||
| 490 |
_aIndependent on Sunday _v4 April 1993, 35(1) |
||
| 520 | _aIt is likely that CIPFA proposals for local authorities to compile a register of fixed assets will be accepted. The new requirements, which will radically alter accounting for councils, aim to clarify the cost of services and foster efficient use of resources. | ||
| 650 | _aASSET REGISTERS | ||
| 650 | _aCIPFA | ||
| 650 | _aCURRENT REPLACEMENT COST | ||
| 650 | _aFIXED ASSETS | ||
| 650 | _aLOCAL AUTHORITIES | ||
| 650 | _aPROPERTY ASSETS | ||
| 650 | _aRICS | ||
| 650 |
_aValuation _96273 |
||
| 690 | _aRATING AND VALUATION | ||
| 942 | _n0 | ||
| 948 | _c04/03/1997 | ||
| 999 |
_c58448 _d58448 |
||